| 000 | 01140nam a2200217 a 4500 | ||
|---|---|---|---|
| 001 | 50031 | ||
| 005 | 20180714034939.0 | ||
| 008 | 140415s1998 sp 000 0 spa d | ||
| 020 | _a8434408775 | ||
| 041 | _aspa | ||
| 082 |
_a615.78 _bSTA |
||
| 100 | 1 | _aSTAHL, STEPHEN M. | |
| 245 | 1 | 0 |
_aPSICOFARMACOLOGIA ESENCIAL : _bBASES NEUROCIENTIFICAS Y APLICACIONESCLINICAS |
| 250 | _a1a ed. | ||
| 260 |
_aESPAÑA : _bARIEL, _c1998 |
||
| 300 |
_a470 _c18.5 x 2.1 x 23.9 |
||
| 490 | _aARIEL CIENCIA | ||
| 520 | _aESTE LIBRO EXPLICA LOS CONCEPTOS NEUROBIOLOGICOS QUE SUBYACEN AL TRATAMIENTO FARMACOLOGICO DE LOS TRSTORNOS MENTALES. PARA LOS ESTUDIANTES QUE POR PRIMERA VEZ APRENDEN PSICOFARMACOLOGIA ESTE LIBRO PROPORCIONA UNA INTERESANTE Y FACIL INTRODUCCION A ESTE TEMA. PARA LOS MEDICOS O CIENTIFICOS CON CONOCIMIENTOS PREVIOS EN ESTE CAMPO, EL LIBRO ESTA ORGANIZADO DE FORMA QUE PROPORCIONA UNA RAPIDA REVISION DE LOS PUNTOS CLAVES EN PSICOFARMACOLOGIA Y EN EL TRATAMIENTO FARMACOLOGICO DE LAS ENFE | ||
| 650 | 1 | 4 | _aPSICOFARMACOLOGIA |
| 740 | _aESENTIAL PSYCHOPHARMACOLOGY NEUROSCIENTIFIC BASIS AND CLINICAL APPLICATIONS | ||
| 999 |
_c50031 _d50031 |
||